Victoria memorial hall / (Record no. 132858)

MARC details
000 -LEADER
fixed length control field 00561nam a22002177a 4500
005 - DATE AND TIME OF LATEST TRANSACTION
control field 20170124110200.0
010 ## - LIBRARY OF CONGRESS CONTROL NUMBER
LC control number 052756
020 ## - INTERNATIONAL STANDARD BOOK NUMBER
Terms of availability 00.00
035 ## - SYSTEM CONTROL NUMBER
System control number 052756
037 ## - SOURCE OF ACQUISITION
Source of stock number/acquisition Cen Lib/Ret
040 ## - CATALOGING SOURCE
Original cataloging agency DPL
Language of cataloging EN
082 ## - DEWEY DECIMAL CLASSIFICATION NUMBER
Classification number 069.5
Item number GAN
100 ## - MAIN ENTRY--PERSONAL NAME
Personal name Ganguly, D.C
9 (RLIN) 35955
245 ## - TITLE STATEMENT
Title Victoria memorial hall /
Statement of responsibility, etc by D.C. Ganguly
260 ## - PUBLICATION, DISTRIBUTION, ETC. (IMPRINT)
Place of publication, distribution, etc Calcutta
Name of publisher, distributor, etc General printers
Date of publication, distribution, etc 1953
270 ## - ADDRESS
City Calcutta
300 ## - PHYSICAL DESCRIPTION
Extent 164p.
Dimensions 20cm(Hb)
500 ## - GENERAL NOTE
General note Includes index
650 ## - SUBJECT ADDED ENTRY--TOPICAL TERM
Topical term or geographic name as entry element Journalism
9 (RLIN) 35956
942 ## - ADDED ENTRY ELEMENTS (KOHA)
Source of classification or shelving scheme Dewey Decimal Classification
Koha item type English Books
Classification part 070.9
Call number suffix GAN
Holdings
Withdrawn status Lost status Damaged status Not for loan Home library Current library Date acquired Source of acquisition Cost, normal purchase price Total Checkouts Full call number Barcode Date last seen Copy number Cost, replacement price Price effective from Koha item type
        Central Library Central Library 23/07/2015 Cen Lib/Ret 0.00   069.5 GAN 052756 23/07/2015 1 0.00 23/07/2015 English Books

© Delhi Public Library
Hit Counter
free hit counter